| 000 | 00432 a2200121 4500 | ||
|---|---|---|---|
| 001 | ART_19478 | ||
| 005 | 20260410161705.0 | ||
| 008 | 260409a | ||
| 245 | 1 | 0 | _aLos instrumentos privados y contratos de mutuo frente a la ausencia de los principios de la buena fe y la confianza legitima |
| 100 | 1 | _aFernández, Fernanda M. | |
| 700 | 1 | _aPena, Ramon | |
| 773 | 0 |
_tRevista Impuestos _g- Nº 16 (ago. 2008) _wREV639 |
|
| 999 |
_c15549 _d15549 |
||